From message to mind : directions in developmental neurobiology /

Bibliographic Details
Other Authors: Easter, Stephen S., Barald, Kate F., Carlson, Bruce M.
Format: Book
Language:English
Published: Sunderland, Mass. : Sinauer Associates, [1988]
Subjects:

MARC

Tag First Indicator Second Indicator Subfields
LEADER 00000cam a2200000 a 4500
001 in00000012122
005 20151007051750.0
008 870624s1988 maua b 00100 eng
010 |a  87016647  
020 |a 0878931570 (alk. paper) :  |c $50.00 (est.) 
020 |a 0878931589 (pbk. : alk. paper) :  |c $29.95 (est.) 
035 |a (OCoLC)16226892 
035 |9 AAA4673AM 
040 |a DLC  |c DLC  |d TXA  |d UtOrBLW 
049 |a TXAM  |c [A11481999] 
050 0 0 |a QP363.5  |b .F76 1988 
082 0 |a 612/.8  |2 19 
245 0 0 |a From message to mind :  |b directions in developmental neurobiology /  |c edited by Stephen S. Easter, Jr., Kate F. Barald, Bruce M. Carlson. 
264 1 |a Sunderland, Mass. :  |b Sinauer Associates,  |c [1988] 
264 4 |c ©1988 
300 |a x, 368 pages :  |b illustrations ;  |c 25 cm. 
336 |a text  |b txt  |2 rdacontent 
337 |a unmediated  |b n  |2 rdamedia 
338 |a volume  |b nc  |2 rdacarrier 
504 |a Bibliography: pages 324-359. 
500 |a Includes index. 
650 0 |a Developmental neurobiology. 
650 0 |a Nervous system  |x Growth. 
650 0 |a Brain  |x Growth. 
650 0 |a Molecular biology. 
700 1 |a Easter, Stephen S. 
700 1 |a Barald, Kate F. 
700 1 |a Carlson, Bruce M. 
999 |a MARS 
999 f f |s 145bfcb3-0a90-3a1c-8262-f3636df64cec  |i 6603ef46-afa2-34c1-a6b2-0bea04de089f  |t 0 
952 f f |p ric  |a Texas A&M University  |b Rellis Campus  |c Joint Library Facility  |d Remote Storage  |t 0  |e QP363.5 .F76 1988  |h Library of Congress classification  |i unmediated -- volume  |m A14811481999 
998 f f |a QP363.5 .F76 1988  |t 0  |l Remote Storage